| 000 | 00357nam a22001457a 4500 | ||
|---|---|---|---|
| 020 | _a9788120340268 | ||
| 082 | _a621.31942 DES | ||
| 100 | _aDeshpande, M.V. | ||
| 245 | _aElectrical machines | ||
| 260 |
_aNew Delhi, India _bPHI Learning _c2011 |
||
| 300 |
_axvii, 430 p. _bill. ; |
||
| 500 | _aIncludes index. | ||
| 650 | _aElectric machinery | ||
| 942 | _cBK | ||
| 999 |
_c12604 _d12604 |
||